Graphen und Digraphen : eine Einführung in die Graphentheorie /

Guardado en:
Autor Principal: Volkmann, Lutz.
Formato: Libro
Idioma:German
Publicado: Wien : Springer-Verlag, c1991.
Etiquetas: Agregar Etiqueta
Sin Etiquetas, Sea el primero en etiquetar este registro!
LEADER 00600nam a22001695a 4500
001 MAT.inmabb004543
008 070511s1991####au#a#####b####001#0#ger#d
005 20130314154247.0
245 1 0 |a Graphen und Digraphen :  |b eine Einführung in die Graphentheorie /  |c Lutz Volkmann. 
260 |a Wien :  |b Springer-Verlag,  |c c1991. 
300 |a xiii, 305 p. :  |b il. ;  |c 25 cm. 
504 |a Incluye referencias bibliográficas (p. [278]-298) e índices. 
510 4 |a MR,  |c 93a:05001 
020 |a 3211822674 
100 1 |a Volkmann, Lutz. 
084 |a 05-01 (05C15 05C20 05C70)  |2 msc2000 
859 |h 05  |i V919  |p A-6532  |b BIB. MATEMATICA